00440nam a2200181 a 4500001001300000003000900013005001700022008004100039020000800080082001600088100001400104245002500118260004400143300000900187500003500196505001300231700001400244nice12345678IN_TiNIC20260116015135.0050524s2001 newa grp 000 0 eng  ac000a297.4bTAQ1 aTaqi, S M aMystical Experiences aNew YorkbCross Road Publicationsc2001 a109p aincludes index and biblioraphy2 aArchives1 aTaqi, S M